Giáo trình bồi dưỡng nghiệp vụ quản lý giáo dục

Tài liệu cung cấp một số thông tin, kiến thức, kỹ năng quản lý cơ bản, quan trọng nhằm hỗ trợ cho các học viên và người đọc là các nhà quản lý lĩnh vực giáo dục và đào tạo. Qua đó, góp phần bồi dưỡng, xây dựng đội ngũ quản lý vững va...

全面介绍

Đã lưu trong:
书目详细资料
格式: 图书
语言:Undetermined
出版: Cần Thơ Đại học Cần Thơ 2017
主题:
标签: 添加标签
没有标签, 成为第一个标记此记录!
Thư viện lưu trữ: Trung tâm Học liệu Trường Đại học Cần Thơ
LEADER 01075nam a2200181Ia 4500
001 CTU_229348
008 210402s9999 xx 000 0 und d
082 |a 371.2 
082 |b Gi108/P.4 
245 0 |a Giáo trình bồi dưỡng nghiệp vụ quản lý giáo dục 
245 0 |c Lê Việt Dũng (Biên soạn) ... [et al.] 
260 |a Cần Thơ 
260 |b Đại học Cần Thơ 
260 |c 2017 
520 |a Tài liệu cung cấp một số thông tin, kiến thức, kỹ năng quản lý cơ bản, quan trọng nhằm hỗ trợ cho các học viên và người đọc là các nhà quản lý lĩnh vực giáo dục và đào tạo. Qua đó, góp phần bồi dưỡng, xây dựng đội ngũ quản lý vững vàng và bản lĩnh, đáp ứng thiết thực yêu cầu, nhiệm vụ của thời đại. 
650 |a Quản trị học đường,School administrators 
910 |b nthai 
980 |a Trung tâm Học liệu Trường Đại học Cần Thơ